| 000 | 00522nam a2200181 a 4500 | ||
|---|---|---|---|
| 005 | 20210219150311.0 | ||
| 008 | 991125s1961 car 000 0 spa u | ||
| 035 | _aUPN01000011432 | ||
| 049 | _aCG | ||
| 050 | 4 | _aF2322 B7.2 | |
| 100 | 1 | _aBriceño Perezo, Mario | |
| 245 | 1 | 3 |
_aEl contador Limonta / _cMario Briceño Perezo |
| 260 |
_aCaracas : _bImpr. Nacional, _c1961 |
||
| 300 |
_a206 p. : _bil. |
||
| 651 | 4 |
_aVENEZUELA - _xHISTORIA - _yHASTA 1810 |
|
| 600 | 1 | 4 |
_aLIMONTA, JOSE ANTONIO DE, - _d1749-1814 |
| 905 | _aLibro | ||
| 999 |
_c11432 _d11432 |
||